| 000 | nkm a22 a 4500 | ||
|---|---|---|---|
| 999 |
_c346192 _d346192 |
||
| 003 | BLK | ||
| 005 | 20191025154154.0 | ||
| 008 | 191025b bu ||||| |||| 00| 0 bu d | ||
| 040 | _aBLK | ||
| 041 |
_aBUL _cBUL |
||
| 080 |
_aПортретна фотография _b77.041.5 |
||
| 245 | _aМихаил Арнаудов и Олга Арнаудова 1978 | ||
| 300 | _c20 Х 27 см | ||
| 380 | _a7 | ||
| 490 |
_9396381 _aЧастна колекция - Академик Михаил Арнаудов _gДарение - Основен фонд |
||
| 505 | _tМихаил Арнаудов с внучката си Олга - седнал в кресло, а Олга се е облегнала на креслото. На гърба надпис - февруари 1978 г. две седмици преди да почине | ||
| 852 | _aМА 5063 | ||
| 942 |
_2udc _cPHO _n0 _s1 |
||